000 00580cam a22001814a 4500
020 _a0195179609 (pbk.)
082 0 0 _a338.9
245 0 0 _aLeading issues in economic development /
250 _a8th ed.
260 _aNew York :
_bOxford University Press,
_c2005.
300 _axvii, 650 p. :
_bill., maps ;
650 0 _aEconomic development
700 1 _aMeier, Gerald M.
700 1 _aRauch, James E.
856 4 2 _uhttp://www.loc.gov/catdir/enhancements/fy0619/2004063638-d.html
856 4 2 _uhttp://www.loc.gov/catdir/enhancements/fy0723/2004063638-b.html
942 _cBK
999 _c3325
_d3325